| 000 | 01194cam a22002775i 4500 | ||
|---|---|---|---|
| 999 |
_c2970 _d2970 |
||
| 003 | EG-ScBUE | ||
| 005 | 20201129131846.0 | ||
| 008 | 200219r19451927ohu f 000 j eng d | ||
| 040 |
_aEG-ScBUE _beng _erda _cEG-ScBUE _dEG-ScBUE |
||
| 082 | 0 | 4 |
_a813.52 _bHEM _222 |
| 100 | 1 |
_aHemingway, Ernest, _d1899-1961, _eauthor. _910946 |
|
| 245 | 1 | 0 |
_aMen without women / _cby Ernest Hemingway. |
| 250 | _aSecond printing. | ||
| 264 | 1 |
_aCleveland, Ohio ; _aNew York : _bThe world Publishing Company, _c1945. |
|
| 300 |
_a232 pages ; _c20 cm |
||
| 336 |
_atext _btxt _2rdacontent |
||
| 337 |
_aunmediated _bn _2rdamedia |
||
| 338 |
_avolume _bnc _2rdacarrier |
||
| 505 | 0 | _aThe undefeated.--In another country.--Hills like white elephants.--The killers.--Che ti dice la patria?--Fifty grand.--A simple enquiry.--Ten Indians.--A canary for one.--An Alpine idyll.--A pursuit race.--To-day is Friday.--Banal story.--Now I lay me. | |
| 520 | _aA collection of 14 short stories reveals Hemingway's impressions of life and mankind. | ||
| 650 | 7 |
_aAmerican fiction. _2BUEsh |
|
| 651 | 7 |
_aSpain _vFiction. _2BUEsh |
|
| 653 |
_bHHUUEENN _cNovember2020 |
||
| 942 |
_cBB _2ddc |
||